[Event "Dortmund Sparkassen op-C 47th"]
[Site "Dortmund"]
[Date "2019.07.15"]
[Round "3"]
[White "Schulz, Robin"]
[Black "Radeck, Leon"]
[Result "1-0"]
[WhiteElo "1212"]
[BlackElo "761"]
[PlyCount "96"]
[EventDate "2019.07.13"]
[EventType "swiss"]
[EventRounds "9"]
[EventCountry "GER"]
[SourceTitle "CBM 192 Extra"]
[Source "Chessbase"]
[SourceDate "2019.11.06"]
[SourceVersion "1"]
[SourceVersionDate "2019.11.06"]
[SourceQuality "1"]

1. c4 e5 2. Nf3 Nc6 3. Nc3 Nf6 4. g3 d6 5. Bg2 Bf5 6. 0-0 d5 7. cxd5 Nxd5 8. Nxd5 Qxd5 9. Nh4 Qe6 10. Nxf5 Qxf5 11. e4 Qe6 12. b3 Bc5 13. Bb2 0-0-0 14. Rc1 Bb4 15. Bc3 Bxc3 16. Rxc3 g6 17. Re1 f5 18. d3 f4 19. Qe2 g5 20. Rec1 g4 21. Bf1 f3 22. Qe3 Kb8 23. a3 h5 24. b4 a6 25. Qc5 Rd6 26. b5 axb5 27. Qxb5 Rc8 28. Rb1 b6 29. a4 Nd4 30. Qa6 b5 31. Qa5 Ra6 32. Rxb5+ Nxb5 33. Qxb5+ Rb6 34. Qc5 Rc6 35. Qxc6 Qxc6 36. Rxc6 Kb7 37. Rh6 Ra8 38. Rxh5 Rxa4 39. Rxe5 Kb6 40. h4 gxh3 41. Bxh3 Ra1+ 42. Bf1 c5 43. Rd5 Kc6 44. Rf5 Kd6 45. Rxf3 Ke5 46. Rf5+ Kd6 47. g4 Ke6 48. g5 Rxf1+ 1-0